Antiquities of Vedas and Upanishads / (Record no. 83792)

MARC details
000 -LEADER
fixed length control field 00846nam a22002537a 4500
005 - DATE AND TIME OF LATEST TRANSACTION
control field 20180309125908.0
010 ## - LCCN (DPL NO)
LC control number ENG-109801
020 ## - INTERNATIONAL STANDARD BOOK NUMBER
International Standard Book Number 9789350500200
Terms of availability 595.00
035 ## - SYSTEM CONTROL NUMBER
System control number EN-93334
035 ## - SYSTEM CONTROL NUMBER
System control number B-536793-797
035 ## - SYSTEM CONTROL NUMBER
System control number B-667724
037 ## - SOURCE OF ACQUISITION
Source of stock number/acquisition DBAD/PUB
037 ## - SOURCE OF ACQUISITION
Source of stock number/acquisition KKP/Ven
082 ## - DEWEY DECIMAL CLASSIFICATION NUMBER
Classification number 220
100 ## - MAIN ENTRY--PERSONAL NAME
Personal name Sidhu, A.S.
245 00 - TITLE STATEMENT
Title Antiquities of Vedas and Upanishads /
Statement of responsibility, etc by A. S. Sidhu
260 ## - PUBLICATION, DISTRIBUTION, ETC. (IMPRINT)
Place of publication, distribution, etc Delhi
Name of publisher, distributor, etc B. R. Publishing
Date of publication, distribution, etc 2012
270 ## - ADDRESS
Address 425, Nimri Colony Ashok Vihar, Phase-IV
City Delhi
Postal code 110052
300 ## - PHYSICAL DESCRIPTION
Extent viii,195p. :
Dimensions 22cm(Hb)
Other physical details maps
500 ## - GENERAL NOTE
General note Inculdes index
942 ## - ADDED ENTRY ELEMENTS (KOHA)
Source of classification or shelving scheme Dewey Decimal Classification
Item type English Books
Call number suffix SID
Classification part 220
Holdings
Withdrawn status Lost status Not for loan Collection code Home library Current library Date acquired Source of acquisition Cost, normal purchase price Full call number Barcode Copy number Cost, replacement price Koha item type
      Non-fiction Ashok Vihar Ashok Vihar 09/03/2018 KKP/278/24.2.2017/420/15.2.2017/17.3.2017 595.00 220 SID B-667724 1 595.00 English Books
      Non-fiction Central Library Central Library 14/08/2014 KKP/BL3706/28.03.2014/146/25.03.2014/31.03.2014 595.00 220 SID B-536793 1 595.00 English Books
      Non-fiction Karol Bagh Karol Bagh 14/08/2014 KKP/BL3706/28.03.2014/146/25.03.2014/31.03.2014 595.00 220 SID B-536797 1 595.00 English Books
      Non-fiction Patel Nagar Patel Nagar 14/08/2014 KKP/BL3706/28.03.2014/146/25.03.2014/31.03.2014 595.00 220 SID B-536794 1 595.00 English Books
      Non-fiction Sarojini Nagar Sarojini Nagar 14/08/2014 KKP/BL3706/28.03.2014/146/25.03.2014/31.03.2014 595.00 220 SID B-536795 1 595.00 English Books
      Non-fiction Vinoba Puri Vinoba Puri 14/08/2014 KKP/BL3706/28.03.2014/146/25.03.2014/31.03.2014 595.00 220 SID B-536796 1 595.00 English Books

© Delhi Public Library
Hit Counter
free hit counter